000 00721nam a2200253Ia 4500
003 GCL
008 140319s9999 xx 000 0 eng d
020 _a9774247760
040 _aGCL /
_cGCL
082 0 4 _aCC
_b750
_bH P
100 1 _aHISHAM KHATIB
245 1 0 _aPALESTINE AND EGYPT UNDER THE OTTOMANS /
_cHISHAM KHATIB
260 _aالقاهرة :
_bTHE AMERICAN UNIVERSITY IN CAIRO PRESS ،
_c2003
300 _a32 CM ؛
_c272 P
650 0 4 _aPALESTINE - ART
650 0 4 _aPAINTINGS, EGYPT
650 0 4 _aEGYPT - MAPS
650 0 4 _aDRAWING - EGYPT
650 0 4 _aDRAWING - PALESTINE
650 0 4 _aMAPS - PALESTINE
650 0 4 _aPHOTOGRAPHS - EGYPT
650 0 4 _aPHOTOGRAPHS - PALESTINE
942 _2ddc
_cBK
999 _c7449
_d7449